Detalles MARC
| 000 -ENCABEZADO |
| Número de control [NR] |
01522nam a2200313Ia 4500 |
| 008 - DE LONGITUD FIJA DE DATOS DE ELEMENTOS - INFORMACIÓN GENERAL |
| Elementos de longitud fija [NR] |
130821s1997 sp gs spa |
| 020 ## - NUMERO INTERNACIONAL NORMALIZADO PARA LIBROS [R] |
| Número Internacional Normalizado del libro [NR] |
8434595273 |
| 040 ## - FUENTE DE CATALOGACION [NR] |
| Agencia de catalogación original [NR] |
Co-BoUCM |
| Idioma de catalogación [NR] |
spa |
| 041 00 - CODIGO DE IDIOMA [R] |
| Código de idioma para texto/pista de sonido o título separado [R] |
Español |
| 092 ## - SIGNATURA TOPOGRAFICA LOCAL |
| Número de clasificación local |
CD 0164 |
| 245 00 - MENCION DE TITULO [NR] |
| Título [NR] |
Historia del Arte Salvat |
| 260 ## - PUBLICACION, DISTRIBUCION, ETC. (PIE DE IMPRENTA) [R] |
| Lugar de publicación, distribución, etc. [R] |
Madrid (España) |
| Nombre del editor, distribuidor, etc. [R] |
Salvat |
| Fecha de publicación, distribución, etc. [R] |
1997 |
| 300 ## - DESCRIPCION FISICA [R] |
| Extensión [R] |
4 CD-ROM |
| Material acompañante [NR] |
1 folleto. |
| 490 ## - MENCION DE SERIE [R] |
| Mención de serie [R] |
Salvat Multimedia. |
| 505 0# - NOTA DE CONTENIDO CON FORMATO PREESTABLECIDO [R] |
| Nota de contenido con formato preestablecido [NR] |
FOLLETO . Aprenda a interpretar el arte. -- V.1: Egipcio y Griego. -- V.2 : Romano, Islámico, románico y Gótico. -- V.3 : Renacimiento y Barroco. -- V.4 : Romántico, Realismo e impresionismo. |
| 520 ## - NOTA DE RESUMEN, ETC. [R] |
| Nota de sumario, etc. [NR] |
Es una obra con enfoque evolutivo que permite navegar a traves de 6000 años de historia y mas de un millar de obras de arte, analizándolas desde sus orígenes de forma interactiva. De esta manera, se llega a comprender el impacto que los cambios sociopolíticos han tenido en la evolución del arte. |
| 538 ## - NOTA DE DETALLES DEL SISTEMA [R] |
| Nota de detalles del sistema [NR] |
Configuración mínima PC: ( Mb RAM, CD-ROM x 4, Pantalla VGA, Ratón compatible con MIcrosoft, Tarjeta de sonido compatible con Sound Blaster, Windows 3.1 o Windows 95. |
| 650 04 - ASIENTO SECUNDARIO DE MATERIA - TERMINO TEMATICO [R] |
| Término temático o nombre geográfico como elemento de entrada [NR] |
Arte barroco |
| 9 (RLIN) |
9451 |
| 650 04 - ASIENTO SECUNDARIO DE MATERIA - TERMINO TEMATICO [R] |
| Término temático o nombre geográfico como elemento de entrada [NR] |
Arte egipcio |
| 9 (RLIN) |
9474 |
| 650 04 - ASIENTO SECUNDARIO DE MATERIA - TERMINO TEMATICO [R] |
| Término temático o nombre geográfico como elemento de entrada [NR] |
Arte romano |
| 9 (RLIN) |
9514 |
| 650 04 - ASIENTO SECUNDARIO DE MATERIA - TERMINO TEMATICO [R] |
| Término temático o nombre geográfico como elemento de entrada [NR] |
Arte |
| 9 (RLIN) |
9444 |
| 650 04 - ASIENTO SECUNDARIO DE MATERIA - TERMINO TEMATICO [R] |
| Término temático o nombre geográfico como elemento de entrada [NR] |
Arte |
| Subdivisión general [R] |
Historia |
| 9 (RLIN) |
9444 |
| 650 04 - ASIENTO SECUNDARIO DE MATERIA - TERMINO TEMATICO [R] |
| Término temático o nombre geográfico como elemento de entrada [NR] |
Impresionismo (Arte) |
| Subdivisión general [R] |
Historia |
| 740 ## - ASIENTO SECUNDARIO – TITULOS RELACIONADOS/ANALITICOS NO CONTROLADOS [R] |
| Título relacionado o analítico no controlado [NR] |
Egipcio y Griego |
| 740 00 - ASIENTO SECUNDARIO – TITULOS RELACIONADOS/ANALITICOS NO CONTROLADOS [R] |
| Título relacionado o analítico no controlado [NR] |
Renacimiento y Barroco |
| 740 00 - ASIENTO SECUNDARIO – TITULOS RELACIONADOS/ANALITICOS NO CONTROLADOS [R] |
| Título relacionado o analítico no controlado [NR] |
Romano, Islámico, románico y Gótico |
| 740 00 - ASIENTO SECUNDARIO – TITULOS RELACIONADOS/ANALITICOS NO CONTROLADOS [R] |
| Título relacionado o analítico no controlado [NR] |
Romántico, Realismo e impresionismo |
| 942 ## - ELEMENTOS DE ENTRADA AGREGADOS (KOHA) |
| Tipo de ítem principal el descrito en 300a |
Multimedia |
| Sistema de clasificación |
LOCAL |
| Tema principal |
Arte |
| Edición |
1 |